| 000 | 00497nam a2200181Ia 4500 | ||
|---|---|---|---|
| 008 | 240925s9999 xx 000 0 und d | ||
| 020 | _a9788131713051 | ||
| 082 | _a005.133 SED | ||
| 100 | _aSedgewick, Robert | ||
| 245 | 0 | _aAlgorithms in C++ | |
| 250 | _a3rd | ||
| 260 |
_aNew Delhi: _bPearson Education _c,1998. |
||
| 300 |
_axxviii,589p. _bN.A _fOriginal |
||
| 500 | _aIncludes Index | ||
| 600 | _aComputer Science | ||
| 650 | _aComputer science, information & general works | ||
| 942 | _cBK | ||
| 999 |
_c11764 _d11764 |
||